Normal view
MARC view
Entry Personal Name
001 - CONTROL NUMBER
- control field: 51958
003 - CONTROL NUMBER IDENTIFIER
- control field: OSt
005 - DATE AND TIME OF LATEST TRANSACTION
- control field: 20250329152011.0
008 - FIXED-LENGTH DATA ELEMENTS
- fixed length control field: 250329|| aca||aabn | a|a d
040 ## - CATALOGING SOURCE
- Original cataloging agency: OSt
- Transcribing agency: OSt
100 ## - HEADING--PERSONAL NAME
- Personal name: Yang, Wenhui and Zhao, Jing
670 ## - SOURCE DATA FOUND
- Source citation: Work cat.: (OSt)525567: Yang, Wenhui and Zhao, Jing, Institutions, interests, and policy support: Experimental evidence from China
